000 00696nam a2200181Ia 4500
008 100920s9999 xx 000 0 und d
082 _b81685
_a891.43 थ 98
100 _aकामतानाथ.
245 _aसमुद्र तट पर खुलने वाली खिडकी.
260 _bजनवाणी प्रकाशन,दिल्ली.
_c1998
300 _a87
_bसाधी
365 _b80
520 _aहिंदी.
630 _aसमुद्र तट पर खुलने वाली खिडकी.
650 _aहिंदी.
730 _aसमुद्र तट पर खुलने वाली खिडकी.
942 _cBOOK
999 _c722469
_d722466